000 00434nam a2200181Ia 4500
001 23335
005 20260414150930.0
008 260414t2016||||xx |||||||||||||| ||spa||
041 _aESP
082 _a629.8
_bR91
100 _aRubin, Olis
_eAUT
245 0 _aControl engineering in development projects
_b
260 _c2016
300 _a256 páginas :
_c23 cm.
650 _aCNM
654 _aCCN
942 _cLIB
_dJUS
_fJUS
_2ddc
_n
999 _c23335
_d23335